Repetitórium kriminalistiky

Podrobná bibliografia
Hlavní autori: Polák, Peter, 1957- (Autor), Kubala, Jozef (Autor)
Médium: Kniha
Jazyk:slovenčina
Fyzický popis:210 s. fotogr., ilustr. 30 cm
Vydavateľské údaje: Bratislava Iura edition 2010
ISBN:9788080783518
Vydanie:1. vyd.
Predmet:

MARC

LEADER 00000cam a2200000 a 4500
001 vtls010179058
003 SK-MaSNL
005 20260301044451.0
008 240314s2010 xo oa e b 000 0 slo
015 |a SNBA2011/08-04649 
020 |a 9788080783518  |q (brož.) 
035 |a 163AF377-0C81-4693-94E3-B7E41EF05E55 
035 |a urn:nbn:sk:snk-amkwp9 
035 |a urn:nbn:sk:snk-am0082vw 
040 |a SNK  |b slo  |c SNK  |e AACR2 
041 0 |a slo 
044 |a xo  |c SK 
072 7 |a 343.9  |x Kriminalistika  |2 konspekt 
080 |a 343.9  |2 2001 
080 |a (072)  |2 2001 
100 1 |a Polák, Peter,  |d 1957-  |4 aut  |9 151313 
245 1 0 |a Repetitórium kriminalistiky  |c Peter Polák, Jozef Kubala 
250 |a 1. vyd. 
260 |a Bratislava  |b Iura edition  |c 2010 
300 |a 210 s.  |b fotogr., ilustr.  |c 30 cm 
650 0 7 |a kriminalistika  |2 SNKPH  |9 1688 
650 0 7 |a Criminal investigation  |2 SNKPHeng  |9 275189 
655 7 |a učebné pomôcky  |2 SNKPH  |9 70567 
655 7 |a Teaching aids  |2 SNKPHeng  |9 315691 
700 1 |a Kubala, Jozef  |4 aut  |9 350924 
852 |a Štátna vedecká knižnica v Banskej Bystrici 
919 |a 978-80-8078-351-8 
968 |d 34 
999 |c 596074  |d 598004 
952 |a SNK  |b SNK  |y PREZ  |7 0  |p 17A0685119  |o snkSB 80765  |i snk2011/668  |8 0  |0 0  |1 0  |4 0  |d 2011-01-12  |f 1  |l 0  |r 2025-05-05 00:00:00  |w 2026-02-23 
952 |a SNK  |b SNK  |y VYP  |7 0  |p 17A0685118  |o snkSB 80765 D1  |i snk2011/669  |8 0  |0 0  |1 0  |4 0  |d 2011-01-12  |l 0  |r 2016-06-30 00:00:00  |w 2026-02-23